000 00243nam a22001217a 4500
041 _aENG
100 _aMane.L
245 _aUpara
260 _aMubai
_bGranthali Prakashan
_c2010
300 _a154
650 _aMarathi
856 _uMarathi ( 33 )
999 _c2227
_d2227